| 000 | 00523nam a2200145Ia 4500 | ||
|---|---|---|---|
| 008 | 150610s9999 xx 000 0 und d | ||
| 020 | _a9780071462570 | ||
| 050 |
_aRC569.5 _b.M8H96 2007 |
||
| 100 | _aHyman, Jane Wegscheider | ||
| 245 |
_aI am more than one: _bhow women with dissociated identities have found success in life and work / _cJane Wegscheider. |
||
| 260 |
_aNew York : _bMcGraw-Hill, _c2007. |
||
| 300 |
_a290pages ; _c23 cm. |
||
| 504 | _aIncludes bibliographical references. | ||
| 520 | _aMultiple personality. | ||
| 999 |
_c288057 _d288057 |
||